Statistics for Top 25 Countries with the Youngest Population

Click here to take the quiz!

General Stats

  • This quiz has been taken 141 times
  • The average score is 17 of 25

Answer Stats

Average Age in YearsCountry% Correct
15.1Niger
90%
18.3Nigeria
90%
17.9Democratic Republic of the Congo
83%
17.6Ethiopia
83%
16.7Zambia
80%
17.9Angola
80%
17.3Togo
77%
17.7Somalia
73%
18.4Senegal
73%
18.2Guinea
73%
16.3Malawi
73%
16.8South Sudan
73%
17.7Benin
73%
17.4Tanzania
73%
17.2Chad
73%
17Burundi
73%
17.9Liberia
70%
16Mali
70%
15.5Uganda
67%
18.2Cameroon
67%
17Burkina Faso
63%
16.9Mozambique
63%
17.8São Tomé and Príncipe
40%
18.1Afghanistan
33%
18.5East Timor
13%

Score Distribution

Percentile by Number Answered

Percent of People with Each Score

Your Score History

You have not taken this quiz